000 00855nam a22002297a 4500
003 UA-OsUOA
001 68438
007 ta
008 20100426b un ||||| |||| 00| 0 ukr d
100 _aКорінько М.
700 _aТітаренко Г.
090 _a657
_bК66
942 _cSA
040 _aUA-OsUOA
_bukr
_cUA-OsUOA
_dUA-OsUOA
245 _aТеоретичні та методологічні аспекти обліку пально-мастильних матеріалів за талонами (постанова проблеми для дискусії)
300 _aС.20-24
955 _a0
041 _aukr
080 _a657
773 0 _w68436
_tБухгалтерський облік і аудит
_dК.
_d2010
_g4
650 7 _a657 Бухгалтерія. Бухгалтерський облік. Рахівництво
_2UDC
999 _c354680
_d354680